01083nam a22002895i 450000100060000000300090000600500170001500700030003200800410003502000180007604000220009408000110011610000490012724500940017626000360027030000280030649000400033449000320037450000120040665000430041870000360046183000480049783000400054585200690058599900170065495201220067111997ES-MaACL20230906150221.0t|910910s1988 sp ||||0| spa j a84-7754-034-9 aM-BN bspa cM-BN a539.121 aFernández Alvarez-Estrada, Ramón.94946010aPartículas elementales / cRamón Fernández Alvarez-Estrada, Marina Ramón Medrano. aMadrid : bEUDEMA, cD.L. 1988. a172 p : bil ; c21 cm.1 aEUDEMA universidad. Textos de apoyo1 aTemas de la física de hoy aIndice.14aPartículas (Física nuclear)9158561 aRamón Medrano, Marina.9952210 aEUDEMA universidad. Textos de apoyo91788620 aTemas de la física de hoy9228238 aES-MaACLjL-19309 bR.120008 q. - Ded. autógr. de los autores c11997d11997 00104070aATENEOMbATENEOMcDEPO2d2008-01-17eSCl0oL-19309p1012224r2023-02-23 00:00:00w2023-02-23yMONOGRAFIA